| 000 | 00982nam a2200253 i 4500 | ||
|---|---|---|---|
| 001 | 184826 | ||
| 003 | ES-MaACL | ||
| 005 | 20250727164733.0 | ||
| 008 | 160202s2009 sp o c |||| | spa d | ||
| 080 | _a77(460.41)"19"(083.824) | ||
| 100 | 1 |
_aAcosta, Rubén, _d1976- _9158647 |
|
| 245 | 1 | 0 |
_aEntre la microciudad y la ciudad estado : _b[exposición] / _cRubén Acosta ; [comisaria, dirección, Clara Muñoz]. |
| 260 |
_aLas Palmas de Gran Canaria : _bGabinete Literario, _c2009. |
||
| 300 |
_a35 p. : _bprincipalmente fot. col. ; _c17 x 24 cm. |
||
| 600 | 1 | 7 |
_aAcosta, Rubén, _d1976- _9158647 |
| 650 | 7 |
_aFotografía de ciudades _2embne _9141938 |
|
| 650 | 4 |
_aFotografía- _zEspaña- _yS.XXI- _vExposiciones. _9173415 |
|
| 655 | 7 |
_2tgfbne _9193628 _aCatálogos de exposiciones |
|
| 700 | 1 |
_aMuñoz, Clara. _9158648 |
|
| 710 | 2 |
_aGabinete Literario de Las Palmas de Gran Canaria. _9158649 |
|
| 852 |
_aES-MaACL _j2139-F-23 |
||
| 942 | _2udc | ||
| 999 |
_c184826 _d184826 |
||